| 000 | 01256nam a2200469 a 4500 | ||
|---|---|---|---|
| 003 | AR-BaBNM | ||
| 005 | 20251128204904.0 | ||
| 008 | 082120s2002 ||||||||||||||000 | spa|| | ||
| 020 | _a84-85855-66-3 | ||
| 040 | _cAR-BaBNM | ||
| 100 | 1 | _aLaidler, David | |
| 245 | 0 | 0 | _aIntroducción a la microeconomía |
| 250 | _a3ª ed. | ||
| 260 |
_aBarcelona _bAntoni Bosch _c1993 |
||
| 300 |
_axviii, 525 p. _bgráfs., tablas |
||
| 500 | _aContiene índice de autores en p. 517 | ||
| 500 | _aIndice de materias en p. 519 | ||
| 600 | 1 | 4 | _aMarshall, A. |
| 600 | 0 | 4 | _aPareto |
| 650 | 4 | _aPRECIOS | |
| 650 | 4 | _aCONTROL DE PRECIOS | |
| 650 | 4 | _aIMPUESTO AL CONSUMO | |
| 650 | 4 | _aCONSUMIDORES | |
| 650 | 4 | _aCONTABILIDAD | |
| 650 | 4 | _aECONOMIA DEL TRABAJO | |
| 650 | 4 | _aADMINISTRACION DE EMPRESAS | |
| 650 | 4 | _aAUDITORIA | |
| 650 | 4 | _aCONTABILIDAD DE COSTOS | |
| 650 | 4 | _aCOSTOS | |
| 650 | 4 | _aMODELOS ECONOMICOS | |
| 650 | 4 | _aGASTOS | |
| 650 | 4 | _aIMPUESTOS | |
| 650 | 4 | _aECONOMIA DE LA EMPRESA | |
| 650 | 4 | _aMONOPOLIOS | |
| 650 | 4 | _aSINDICATOS | |
| 700 | 1 | _aEstrin, Saul | |
| 700 | 1 |
_aRabasco, Esther _etraductor |
|
| 700 | 1 |
_aTobaria, Luis _etraductor |
|
| 700 | 1 |
_aGonzález, Luis _erevisión |
|
| 942 | _cBK | ||
| 998 | _cMARTIN | ||
| 999 |
_c9212 _d9212 |
||